00431nam a2200145 a 4500008004100000020001500041050001400056100002500070245009500095250001200190260003300202300001600235650001200251700002200263130410s2001 ||||||||||||||||| || u a0030291623 aQC 23 Kir aKirkpatrick, Larry D10aPhysics : a numerical world view. (4th ed.)cby Larry D. Kirkpatrick and Gerald F. Wheeler a4th ed. aFlorida:bHarcourt incc2001 a185p.: ill. 0aPHYSICS aWheeler, Gerald F